000 00516nam a2200205Ia 4500
005 20250923144311.0
008 008 250917s9999 xx 000 0 eng d
037 _aTextual
040 _aDSWL
_beng
_cDSWL
041 _aeng
_2eng
084 _aQ7, G2
_qDSWL
100 _aJones, I.B
_9823403
245 0 _aPeople of the Mosque
_cby I.B Jones
260 _aLondon
_c1932
300 _a327 p.
365 _aINR
_b2
925 _g2
942 _cTEXL
_hQ7, G2
999 _c1437169
_d1437169